000 01038nas a2200337 4500
001 BR0603710
003 BR-BrBNA
005 20231205110258.0
007 ta
008 230509b bl.|||p| |||| 00| 00por d
040 _aBR-BrBNA
_bpor
_cBiblioteca Nacional de Agricultura
041 _a(Pt)
072 _aL51
100 1 _aVeloso, C.M.
100 1 _aRodrigues, N.M.
100 1 _aCarvalho, G.G.P. de
100 1 _aPires, A.J.V.
100 1 _aMourão, G.B.
100 1 _aGonçalves, L.C.
100 1 _aSampaio, I.B.M.
245 1 _aDegradabilidade ruminal da matéria seca e da proteína bruta de folhas e folíolos de forrageiras tropicais
650 _aGADO MESTIÇO
650 _aLEGUMINOSA FORRAGEIRA
650 _aFOLHA
650 _aMATÉRIA SECA
650 _aDIGESTIBILIDADE IN VITRO
650 _aPROTEÍNA BRUTA
773 0 _tRevista Brasileira de Zootecnia (Brazil)
_xISSN 1516-3598
_g(Mar-Apr 2006), v. 35(2) p. 613-617
_wBR0603710
909 _a202311
_bLúcia
_c55
_dLúcia Elande
942 _2AGRIS
_n0
_cANA
999 _c186804
_d186804